Optimización del desempeño funcional de micropavimentos, para sellado y rellenado de grietas conforme la norma de rendimiento ISSA A143

La presente investigación, está relacionada con la elaboración de un estudio de “Optimización del desempeño funcional de micropavimentos, cumpliendo con los requerimientos de diseño de la norma de rendimiento ISSA A143”, que está conformada por un conjunto de estudios, análisis y procedimi...

Full description

Bibliographic Details
Main Author: Peña Zamora, Livan Steven
Other Authors: Tutor: Alvarez García, Sergio Enrique
Format: Tesis Section = Libro
Language:Undetermined
Spanish
Published: Managua UNI 2023
Subjects:
LEADER 01509nam a2200253Ia 4500
008 240830s9999 xx 000 0 und d
040 |a BIBLIOTECA-RUPAP/ Mon 625.85 P419 
041 |a spa 
082 |a Mon 625.85 P419 
100 1 |a Peña Zamora, Livan Steven 
245 1 0 |a Optimización del desempeño funcional de micropavimentos, para sellado y rellenado de grietas conforme la norma de rendimiento ISSA A143 
260 |a Managua  |b UNI  |c 2023 
300 |a 118 p. :il. 
500 |a Contiene: anexos y CD. 
502 |a Tesis (Ingeniero Civil) - UNI, 2023. 
520 3 |a La presente investigación, está relacionada con la elaboración de un estudio de “Optimización del desempeño funcional de micropavimentos, cumpliendo con los requerimientos de diseño de la norma de rendimiento ISSA A143”, que está conformada por un conjunto de estudios, análisis y procedimientos de cálculos, establecidos conforme las normas de organizaciones internacionales como ISSA, ASTM y AASHTO, que regulan y establecen los requerimientos para materiales y componentes de mezclas asfálticas, así como los requerimientos de calidad para el desempeño funcional de diversos productos para pavimentos de vías de transporte terrestre. 
650 7 |a PAVIMENTOS 
650 7 |b  PAVIMENTOS DE ASFALTO 
650 7 |c  CARRETERAS-MANTENIMIENTO Y REPARACION 
650 7 |d  NORMAS RENDIMIENTO ISSAA 
700 1 |a Tutor:  |b Alvarez García, Sergio Enrique 
942 |c BK  |2 ddc 
991 |a Tesis 
999 |c 27732